The Lord of the Rings: Characters by Qotes - Statistics

General Stats
  • This quiz has been taken 4,823 times
  • The average score is 17 of 20
Answer Stats
Hint (Quote) Answer (Character Name) % Correct
"There is only one Lord of the Ring, only one who can bend it to his will. And he does not share power." Gandalf
99%
"I thought up an ending for my book..." Bilbo Baggins
97%
"That there's some good in this world..." Samwise Gamgee
96%
"A day may come when the courage of men fails..." Aragorn
95%
"We swears, to serve the master..." Gollum
95%
"Mushrooms!" Peregrin Took
95%
"Shall I describe it to you? Or would you like me to find you a box?" Legolas
94%
"You carry the fate of us all, little one." Boromir
93%
"You are the luckiest, the canniest, and the most reckless man I ever knew..." Gimli
93%
"I would rather share one lifetime with you than face all the Ages of this world alone." Arwen
91%
"I gave you the chance of aiding me willingly, but you have elected the way of pain." Saruman
91%
"I am no man!" Éowyn
88%
"I'm glad to be with you..." Frodo Baggins
88%
"Ride now!...Ride now!...Ride! Ride to ruin and the world's ending!" Théoden
83%
"Even the smallest person can change the course of the future." Galadriel
82%
"The rule of Gondor is mine! And no other's!" Denethor
81%
"Good speech. Nice and short." Faramir
67%
"You should not encourage him!" Éomer
66%
"Ahh, old Greybeard. I have a token I was bidden to show thee." Mouth of Sauron
39%
"Do you not know death when you see it old man? This is my power!" Witch-King of Angmar
36%
No matching quizzes found
Score Distribution
Percent of People with Each Score
Percentile by Number Answered
Your Score History
You have not taken this quiz